[Event "GER-ch50 final email"]
[Site "GER email"]
[Date "2010.??.??"]
[Round "?"]
[White "Dorer, Manfred"]
[Black "Nitsche, Werner"]
[Result "1-0"]
[WhiteElo "2419"]
[BlackElo "2171"]
[PlyCount "89"]
[EventDate "2010.02.24"]
[EventType "tourn (corr)"]
[EventRounds "8"]
[EventCountry "GER"]
[SourceTitle "Corr 2015"]
[Source "ChessBase"]
[SourceDate "2015.07.17"]
[SourceVersion "1"]
[SourceVersionDate "2015.07.17"]
[SourceQuality "1"]

1. e4 c5 2. Nf3 d6 3. d4 cxd4 4. Nxd4 Nf6 5. Nc3 a6 6. f3 e6 7. Be3 b5 8. Qd2 Nbd7 9. g4 h6 10. 0-0-0 Bb7 11. h4 b4 12. Na4 Qa5 13. b3 Nc5 14. a3 Nxa4 15. axb4 Qc7 16. bxa4 d5 17. e5 Nd7 18. f4 Nb6 19. Rh3 Nxa4 20. Bf2 Be7 21. Be1 Bc8 22. f5 Rb8 23. Rb3 Rb6 24. Qe3 Bd7 25. Bd3 Qb8 26. Qf4 Qc7 27. Bd2 Bb5 28. Qf3 Bd7 29. Rf1 Kd8 30. Qe2 Qb8 31. Qe1 Be8 32. g5 hxg5 33. Bxg5 Qb7 34. Nxe6+ fxe6 35. f6 gxf6 36. exf6 Bd6 37. f7+ Kc8 38. Qxe6+ Bd7 39. Qe3 Rf8 40. Be7 Kc7 41. b5 Bxe7 42. Qxe7 Qc8 43. bxa6 Rxb3 44. cxb3 Kb6+ 45. Bc2 1-0

[Event "GER-ch50 final email"]
[Site "GER email"]
[Date "2010.??.??"]
[Round "?"]
[White "Engelhardt, Georg"]
[Black "Nitsche, Werner"]
[Result "1/2-1/2"]
[WhiteElo "2103"]
[BlackElo "2171"]
[PlyCount "60"]
[EventDate "2010.02.24"]
[EventType "tourn (corr)"]
[EventRounds "8"]
[EventCountry "GER"]
[SourceTitle "Corr 2015"]
[Source "ChessBase"]
[SourceDate "2015.07.17"]
[SourceVersion "1"]
[SourceVersionDate "2015.07.17"]
[SourceQuality "1"]

1. d4 Nf6 2. Bg5 g6 3. Bxf6 exf6 4. e3 Bg7 5. c4 0-0 6. Nc3 d6 7. g3 f5 8. Nge2 Nd7 9. Bg2 Nf6 10. 0-0 Re8 11. b4 c6 12. Qb3 Ne4 13. Rfd1 Bd7 14. Rab1 Qe7 15. Qc2 Rac8 16. c5 Nf6 17. Nf4 b6 18. cxb6 axb6 19. b5 g5 20. bxc6 Bxc6 21. Rxb6 Be4 22. Bxe4 fxe4 23. Nfe2 Qd7 24. Kg2 Qg4 25. Rxd6 Qf3+ 26. Kg1 h5 27. Qd2 h4 28. Qe1 hxg3 29. hxg3 Ng4 30. Qf1 Rxc3 1/2-1/2

[Event "GER-ch41 V13 email"]
[Site "GER email"]
[Date "2009.05.04"]
[Round "?"]
[White "Nitsche, Werner"]
[Black "Garus, Edward"]
[Result "1/2-1/2"]
[WhiteElo "2171"]
[BlackElo "1975"]
[PlyCount "48"]
[EventDate "2009.05.11"]
[EventType "tourn (corr)"]
[EventRounds "10"]
[EventCountry "GER"]
[SourceTitle "Corr 2011"]
[Source "ChessBase"]
[SourceDate "2010.08.31"]
[SourceVersion "1"]
[SourceVersionDate "2010.08.31"]
[SourceQuality "1"]

1. d4 Nf6 2. c4 e6 3. Nc3 Bb4 4. Qc2 0-0 5. a3 Bxc3+ 6. Qxc3 b6 7. Bg5 Bb7 8. f3 h6 9. Bh4 d5 10. e3 Nbd7 11. cxd5 Nxd5 12. Bxd8 Nxc3 13. Bh4 Nd5 14. Bf2 c5 15. e4 Ne7 16. Ne2 Rac8 17. Nc3 cxd4 18. Bxd4 Nc5 19. Rd1 Rfd8 20. Be3 Rxd1+ 21. Kxd1 f5 22. Bc4 Kf7 23. exf5 Nxf5 24. Re1 Nd6 1/2-1/2

[Event "GER-ch41 V13 email"]
[Site "GER email"]
[Date "2009.05.04"]
[Round "?"]
[White "Nitsche, Werner"]
[Black "Rook, Detlef"]
[Result "0-1"]
[WhiteElo "2165"]
[BlackElo "2111"]
[PlyCount "148"]
[EventDate "2009.05.11"]
[EventType "tourn (corr)"]
[EventRounds "10"]
[EventCountry "GER"]
[SourceTitle "Corr 2020"]
[Source "ChessBase"]
[SourceDate "2019.09.30"]
[SourceVersion "1"]
[SourceVersionDate "2019.09.30"]
[SourceQuality "1"]

1. d4 Nf6 2. c4 g6 3. Nc3 d5 4. cxd5 Nxd5 5. e4 Nxc3 6. bxc3 Bg7 7. Nf3 c5 8. Be3 Qa5 9. Qd2 0-0 10. Rc1 Rd8 11. d5 e6 12. Be2 exd5 13. exd5 b5 14. Bg5 Re8 15. 0-0 Nd7 16. Rfe1 Bb7 17. c4 Qxd2 18. Nxd2 b4 19. Bd3 a5 20. Rxe8+ Rxe8 21. Kf1 a4 22. Re1 Kf8 23. Bc2 Nb6 24. Be3 Rxe3 25. fxe3 Bc3 26. Ke2 Bxd2 27. Kxd2 Nxc4+ 28. Ke2 a3 29. e4 Ke7 30. h3 Ne5 31. Ke3 h5 32. Rd1 Kd6 33. Rb1 Ba6 34. g3 Bc8 35. h4 Bd7 36. Rf1 Bb5 37. Rd1 Bc4 38. Ra1 f6 39. Kf4 Ng4 40. Bb1 Bb5 41. Bc2 c4 42. Rd1 c3 43. Bb3 Nf2 44. Ra1 Kc5 45. Kf3 Nd3 46. Ke3 Ne5 47. Bc2 Bc4 48. Bd1 Ng4+ 49. Kf4 f5 50. exf5 gxf5 51. Bc2 Bxd5 52. Bxf5 Bf7 53. Bc2 b3 54. axb3 Kb4 55. Bf5 Kxb3 56. Rb1+ Kc4 57. Ra1 Kb4 58. Rb1+ Ka5 59. Ra1 Ka4 60. Ke4 Nh6 61. Bh7 a2 62. Kd4 Kb4 63. Be4 Be6 64. Bd3 Ng8 65. Re1 Bb3 66. Ra1 Ne7 67. Be4 Bc4 68. Re1 Kb3 69. g4 hxg4 70. h5 Ng8 71. Rc1 Kb4 72. Rd1 g3 73. Rc1 Bf7 74. Kd3 Nh6 0-1

[Event "GER-ch48 V9 email"]
[Site "GER email"]
[Date "2008.08.29"]
[Round "?"]
[White "Geissler, Walter"]
[Black "Nitsche, Werner"]
[Result "1/2-1/2"]
[WhiteElo "2315"]
[BlackElo "2406"]
[PlyCount "55"]
[EventDate "2008.??.??"]
[EventType "tourn (corr)"]
[EventRounds "10"]
[EventCountry "GER"]
[SourceTitle "Corr 2011"]
[Source "ChessBase"]
[SourceDate "2010.08.31"]
[SourceVersion "1"]
[SourceVersionDate "2010.08.31"]
[SourceQuality "1"]

1. e4 Nf6 2. e5 Nd5 3. c4 Nb6 4. d4 d6 5. exd6 exd6 6. Nc3 Be7 7. h3 0-0 8. Bd3 Nc6 9. Nf3 Bf6 10. 0-0 Re8 11. b3 a5 12. Be3 Nb4 13. Qd2 Nxd3 14. Qxd3 a4 15. Rae1 axb3 16. axb3 h6 17. Bd2 Rxe1 18. Rxe1 Bd7 19. d5 Nc8 20. Ne4 Ra1 21. Rxa1 Bxa1 22. Qf1 Bf6 23. Qc1 c6 24. Bc3 Bxc3 25. Qxc3 cxd5 26. cxd5 Ne7 27. Qb4 Nxd5 28. Qxd6 1/2-1/2

[Event "GER-ch48 V9 email"]
[Site "GER email"]
[Date "2008.08.29"]
[Round "?"]
[White "Raessler, Arndt"]
[Black "Nitsche, Werner"]
[Result "1/2-1/2"]
[WhiteElo "2361"]
[BlackElo "2406"]
[PlyCount "56"]
[EventDate "2008.??.??"]
[EventType "tourn (corr)"]
[EventRounds "10"]
[EventCountry "GER"]
[SourceTitle "Corr 2011"]
[Source "ChessBase"]
[SourceDate "2010.08.31"]
[SourceVersion "1"]
[SourceVersionDate "2010.08.31"]
[SourceQuality "1"]

1. d4 Nf6 2. c4 g6 3. Nc3 Bg7 4. e4 d6 5. Nf3 0-0 6. Be2 e5 7. dxe5 dxe5 8. Qxd8 Rxd8 9. Bg5 Re8 10. Nd5 Nxd5 11. cxd5 c6 12. Bc4 cxd5 13. Bxd5 Nd7 14. Nd2 Nc5 15. Nc4 Bf8 16. Rd1 Be6 17. f3 Rac8 18. b3 Bxd5 19. Rxd5 Re6 20. 0-0 Ra6 21. Nxe5 f6 22. Rc1 fxe5 23. b4 Nxe4 24. Rxc8 Nxg5 25. b5 Re6 26. Ra8 Re7 27. Rxa7 Kf7 28. Kf1 Bh6 1/2-1/2

[Event "GER-ch47 V9 email"]
[Site "GER email"]
[Date "2008.07.07"]
[Round "?"]
[White "Felkel, Siegfried"]
[Black "Nitsche, Werner"]
[Result "1/2-1/2"]
[WhiteElo "2337"]
[BlackElo "2406"]
[PlyCount "84"]
[EventDate "2008.??.??"]
[EventType "tourn (corr)"]
[EventRounds "10"]
[EventCountry "GER"]
[SourceTitle "Corr 2011"]
[Source "ChessBase"]
[SourceDate "2010.08.31"]
[SourceVersion "1"]
[SourceVersionDate "2010.08.31"]
[SourceQuality "1"]

1. d4 Nf6 2. c4 g6 3. Nc3 Bg7 4. e4 d6 5. Nf3 0-0 6. Be2 e5 7. 0-0 Nc6 8. d5 Ne7 9. b4 Nh5 10. g3 f5 11. Ng5 Nf6 12. f3 f4 13. Kg2 c6 14. Rb1 Ne8 15. c5 cxd5 16. exd5 Nf5 17. Ne6 Bxe6 18. dxe6 Kh8 19. Bc4 Nc7 20. Nb5 Nxb5 21. Bxb5 Nd4 22. Bd7 Rf6 23. Re1 Nxe6 24. Bxe6 Rxe6 25. Qd5 Qg8 26. cxd6 Rd8 27. gxf4 Rdxd6 28. Qxb7 exf4 29. Bxf4 Ra6 30. Qd7 Rxa2+ 31. Kg3 Rae2 32. Rxe2 Rxe2 33. Rc1 Re8 34. Qxa7 g5 35. Be3 Qe6 36. Qc5 Be5+ 37. Kg2 g4 38. f4 Bf6 39. Qc6 Qxc6+ 40. Rxc6 Rxe3 41. Rxf6 Rb3 42. Rf7 Rxb4 1/2-1/2

[Event "GER-ch47 V9 email"]
[Site "GER email"]
[Date "2008.07.07"]
[Round "?"]
[White "Nitsche, Werner"]
[Black "Sikorsky, Reinhard"]
[Result "1/2-1/2"]
[WhiteElo "2406"]
[BlackElo "2389"]
[PlyCount "52"]
[EventDate "2008.??.??"]
[EventType "tourn (corr)"]
[EventRounds "10"]
[EventCountry "GER"]
[SourceTitle "Corr 2011"]
[Source "ChessBase"]
[SourceDate "2010.08.31"]
[SourceVersion "1"]
[SourceVersionDate "2010.08.31"]
[SourceQuality "1"]

1. d4 f5 2. g3 Nf6 3. Bg2 e6 4. c4 c6 5. Nd2 d5 6. Qc2 Bd6 7. Nh3 0-0 8. Nf3 Ne4 9. 0-0 Nd7 10. Nf4 Qe7 11. Nd3 b6 12. Bf4 Ba6 13. Bxd6 Qxd6 14. cxd5 exd5 15. Rac1 Rac8 16. Rfd1 Qe7 17. Nfe5 Nxe5 18. Nxe5 c5 19. Qb3 Qd6 20. e3 Rc7 21. f3 Nf6 22. Qa3 Bb7 23. f4 Rfc8 24. Rc2 Qe6 25. dxc5 bxc5 26. h3 Ba8 1/2-1/2